000 00912nas a2200277 4500
001 BR9508197
003 BR-BrBNA
005 20231205095510.0
007 ta
008 230509b bl.|||p| |||| 00| 00por d
040 _aBR-BrBNA
_bpor
_cBiblioteca Nacional de Agricultura
041 _a(Pt)
072 _aL40; L10
100 1 _aFonseca, M.A.
100 1 _aSouza, E.B. de
245 1 _aEstudo do polimorfismo cromossomico por inversao pericentrica em Zonotrichia capensis (Tico-Tico)(Aves, Passeriformes, Emberizidae)no Sul do Estado de Minas Gerais
650 _aCitologia Animal
650 _aCariotipo
650 _aCitogenetica Animal
650 _aAve Ornamental
650 _aCromossoma
650 _aMinas Gerais
773 0 _tCiencia e Pratica (Brazil)
_xISSN 0100-3267
_g(Jul-Sep 1994), v. 18(3) p. 326-332
_wBR9508197
909 _a202311
_bLúcia
_c55
_dLúcia Elande
942 _2AGRIS
_n0
_cANA
999 _c151056
_d151056